000 00670nam a2200229 a 4500
999 _c10921
_d10921
001 10921
003 BD-JhCC
005 20190620112347.0
008 190528b2013 bd ||||| a||| 00| 0 eng d
020 _a9789849068914
035 _a(BD-JhCC)10921
040 _aBD-JhCC
_dBD-JhCC
041 _aben
082 _bAHA 2013
_a158.1
100 _aআহমদ, মোস্তাক
245 _aবিশ্বাসেই বিশ্বজয় /
_cমোস্তাক আহমদ,
260 _aঢাকা:
_bগাজী প্রকাশনী;
_c2013.
300 _a127 p. :
_c22 cm.
650 _aSelf Confidence
942 _2ddc
_cBK